000 00582cam a22002053a 4500
001 44372
003 PGUSA
005 20140828084020.0
008 131206s2013||||xxu|||||s|||||000 | eng d
040 _aPGUSA
_beng
042 _adc
100 1 _aSihvo, Aarne,
_d1889-1963
245 1 0 _aValkoinen armeija Antrean rintamalla
_h[electronic resource] /
_cAarne Sihvo
260 _bProject Gutenberg,
_c2013
506 _aPublic domain in the USA.
516 _aElectronic text
830 0 _aProject Gutenberg
_v44372
856 4 0 _uhttp://www.gutenberg.org/ebooks/44372
942 _cEB
999 _c273623
_d273623